Normal view
MARC view
Entry Personal Name
001 - CONTROL NUMBER
- control field: 46043
003 - CONTROL NUMBER IDENTIFIER
- control field: ARRUPE
005 - DATE AND TIME OF LATEST TRANSACTION
- control field: 20190426145836.0
008 - FIXED-LENGTH DATA ELEMENTS
- fixed length control field: 190426|| aca||aabn | a|a d
040 ## - CATALOGING SOURCE
- Original cataloging agency: ARRUPE
- Transcribing agency: ARRUPE
100 ## - HEADING--PERSONAL NAME
- Personal name: Fitzgerald, William Francis
670 ## - SOURCE DATA FOUND
- Source citation: Work cat.: (ARRUPE): Fitzgerald, William Francis , The parish census and the liber status American, 1954.